| 000 | 00424nam a22001577a 4500 | ||
|---|---|---|---|
| 020 | _a9780471401940 | ||
| 040 | _cNUST | ||
| 082 | _a530 RES | ||
| 100 |
_aHalliday, David: _95033 |
||
| 110 |
_aResnick, Robert, Krane, Kenneth.S _999976 |
||
| 245 | _aPhysics:Vol-2 | ||
| 250 | _a5th Edition | ||
| 260 |
_aUnited States of America _bJohn Willey & Sons, _c2002. |
||
| 650 |
_aPhysics.NUSTTB2022 _9102794 |
||
| 942 |
_2ddc _cBK |
||
| 999 |
_c591368 _d591368 |
||